[Event "MSRCH16"]
[Site "?"]
[Date "2026.04.16"]
[Round "8.10"]
[White "Klenko, David"]
[Black "Mazag, Martin"]
[Result "1/2-1/2"]
[BlackElo "1975"]
[WhiteElo "1783"]
[LiveChessVersion "1.4.8"]

1. e4 {[%clk 1:30:56]} c5 {[%clk 1:30:46]} 2. c3 {[%clk 1:31:16]} Nf6
{[%clk 1:31:10]} 3. e5 {[%clk 1:31:33]} Nd5 {[%clk 1:31:28]} 4. Nf3
{[%clk 1:31:32]} Nc6 {[%clk 1:31:13]} 5. d4 {[%clk 1:31:13]} cxd4
{[%clk 1:31:40]} 6. cxd4 {[%clk 1:31:32]} d6 {[%clk 1:31:19]} 7. Bc4
{[%clk 1:30:01]} Nb6 {[%clk 1:30:49]} 8. Bb3 {[%clk 1:29:55]} e6 {[%clk 1:30:11]}
9. O-O {[%clk 1:29:15]} Be7 {[%clk 1:28:17]} 10. Nc3 {[%clk 1:26:38]} O-O
{[%clk 1:27:06]} 11. Bf4 {[%clk 1:24:37]} a6 {[%clk 1:21:55]} 12. a3
{[%clk 1:18:25]} Qc7 {[%clk 1:21:08]} 13. Bc2 {[%clk 1:13:01]} Nd5
{[%clk 1:18:38]} 14. Qd3 {[%clk 1:09:49]} g6 {[%clk 1:17:43]} 15. Bg3
{[%clk 0:58:02]} b5 16. Ne4 {[%clk 0:57:02]} dxe5 {[%clk 1:12:10]} 17. Nxe5
{[%clk 0:56:13]} Nxe5 {[%clk 1:09:12]} 18. Bxe5 {[%clk 0:51:10]} Qc6
{[%clk 1:07:31]} 19. Rac1 {[%clk 0:49:17]} Bb7 {[%clk 0:57:41]} 20. Bb3
{[%clk 0:44:56]} Qd7 {[%clk 0:57:26]} 21. Nc5 {[%clk 0:39:22]} Bxc5
{[%clk 0:55:37]} 22. dxc5 {[%clk 0:39:04]} Nf6 {[%clk 0:47:22]} 23. Qxd7
{[%clk 0:38:16]} Nxd7 {[%clk 0:47:21]} 24. Bd6 {[%clk 0:38:34]} Rfc8
{[%clk 0:47:43]} 25. f3 {[%clk 0:31:39]} Nf6 {[%clk 0:42:23]} 26. Bc2
{[%clk 0:22:28]} Ne8 {[%clk 0:34:28]} 27. Be4 {[%clk 0:22:28]} Bc6
{[%clk 0:30:05]} 28. Kf2 {[%clk 0:20:39]} f5 {[%clk 0:28:31]} 29. Bxc6
{[%clk 0:18:26]} Rxc6 {[%clk 0:28:59]} 30. Be5 {[%clk 0:18:31]} Rd8
{[%clk 0:24:17]} 31. b4 {[%clk 0:15:18]} Rd5 {[%clk 0:22:13]} 32. Rfe1
{[%clk 0:14:08]} Rd3 {[%clk 0:20:16]} 33. Re3 {[%clk 0:12:22]} Rd2+
{[%clk 0:17:39]} 34. Kf1 {[%clk 0:08:56]} Kf7 {[%clk 0:17:17]} 35. Rcc3
{[%clk 0:08:30]} Ke7 {[%clk 0:14:57]} 36. Rcd3 {[%clk 0:07:48]} 1/2-1/2

[Event "MSRCH16"]
[Site "?"]
[Date "2026.04.16"]
[Round "8.11"]
[White "Simonov, Tobias"]
[Black "Janoska, Peter"]
[Result "0-1"]
[BlackElo "1953"]
[WhiteElo "1708"]
[LiveChessVersion "1.4.8"]

1. d4 {[%clk 1:30:58]} Nf6 {[%clk 1:30:51]} 2. Nf3 {[%clk 1:31:11]} e6
{[%clk 1:30:19]} 3. c4 {[%clk 1:31:00]} b6 {[%clk 1:30:14]} 4. g3
{[%clk 1:30:54]} Bb7 {[%clk 1:30:16]} 5. Bg2 {[%clk 1:30:49]} Be7
{[%clk 1:29:45]} 6. Nc3 {[%clk 1:29:48]} O-O {[%clk 1:28:59]} 7. O-O
{[%clk 1:30:13]} d5 {[%clk 1:26:52]} 8. e3 {[%clk 1:28:04]} c5 {[%clk 1:21:38]}
9. dxc5 {[%clk 1:25:30]} bxc5 {[%clk 1:14:17]} 10. cxd5 {[%clk 1:24:29]} exd5
{[%clk 1:11:14]} 11. Qb3 {[%clk 1:22:49]} Qc7 {[%clk 1:08:20]} 12. Rd1
{[%clk 1:18:24]} Rd8 {[%clk 1:02:55]} 13. Nh4 {[%clk 1:04:26]} c4
{[%clk 0:46:50]} 14. Qc2 {[%clk 1:03:18]} g6 {[%clk 0:44:54]} 15. Nf3
{[%clk 0:55:09]} Na6 {[%clk 0:43:16]} 16. a3 {[%clk 0:48:47]} Nc5
{[%clk 0:42:05]} 17. Nd4 {[%clk 0:48:10]} Rac8 {[%clk 0:37:00]} 18. Bd2
{[%clk 0:40:09]} a6 {[%clk 0:29:27]} 19. Re1 {[%clk 0:29:59]} Ba8
{[%clk 0:19:48]} 20. h3 {[%clk 0:19:40]} Rb8 {[%clk 0:17:28]} 21. Reb1
{[%clk 0:16:59]} h5 {[%clk 0:10:52]} 22. b3 {[%clk 0:15:18]} h4 {[%clk 0:10:03]}
23. gxh4 {[%clk 0:13:40]} cxb3 {[%clk 0:07:17]} 24. Nxb3 {[%clk 0:13:24]} Nce4
{[%clk 0:06:19]} 25. Rc1 {[%clk 0:08:12]} Rxb3 {[%clk 0:03:14]} 26. Qxb3
{[%clk 0:07:23]} Nxd2 {[%clk 0:03:32]} 27. Qa2 {[%clk 0:07:20]} Nc4
{[%clk 0:02:55]} 28. Nxd5 {[%clk 0:05:25]} Bxd5 {[%clk 0:01:40]} 29. Bxd5
{[%clk 0:05:47]} Rxd5 {[%clk 0:01:24]} 30. Rxc4 {[%clk 0:05:38]} Qd7
{[%clk 0:01:22]} 31. Kg2 {[%clk 0:03:10]} Rd2 {[%clk 0:01:23]} 32. Rc2
{[%clk 0:03:25]} Rxc2 {[%clk 0:00:37]} 33. Qxc2 {[%clk 0:03:45]} Qd5+
{[%clk 0:00:53]} 34. Kg1 {[%clk 0:02:16]} Qe5 {[%clk 0:01:03]} 35. Re1
{[%clk 0:01:01]} Bxa3 {[%clk 0:00:40]} 36. Qc8+ {[%clk 0:01:16]} Kg7
{[%clk 0:00:42]} 37. Qxa6 {[%clk 0:00:55]} Bd6 {[%clk 0:00:45]} 38. Qc8
{[%clk 0:00:56]} Qh2+ {[%clk 0:00:52]} 39. Kf1 {[%clk 0:01:06]} Ne4
{[%clk 0:00:55]} 40. Qc2 {[%clk 0:00:58]} Ng3+ {[%clk 0:01:03]} 41. fxg3
{[%clk 0:00:44]} Qxc2 {[%clk 0:01:26]} 0-1

[Event "MSRCH16"]
[Site "?"]
[Date "2026.04.16"]
[Round "8.12"]
[White "Tirko, Martin"]
[Black "Brand, Filip"]
[Result "1-0"]
[BlackElo "1777"]
[WhiteElo "1766"]
[LiveChessVersion "1.4.8"]

1. d4 {[%clk 1:30:54]} Nf6 {[%clk 1:30:10]} 2. Nf3 {[%clk 1:31:15]} c5
{[%clk 1:30:27]} 3. c3 {[%clk 1:30:54]} cxd4 {[%clk 1:30:11]} 4. cxd4
{[%clk 1:31:16]} g6 {[%clk 1:30:15]} 5. Bf4 {[%clk 1:31:33]} Qb6 {[%clk 1:29:42]}
6. Qc1 {[%clk 1:30:07]} Nc6 {[%clk 1:29:07]} 7. e3 {[%clk 1:30:14]} d6
{[%clk 1:28:54]} 8. Nc3 {[%clk 1:29:19]} Bg7 {[%clk 1:28:02]} 9. Be2
{[%clk 1:29:33]} O-O {[%clk 1:27:52]} 10. O-O {[%clk 1:29:37]} Bd7
{[%clk 1:26:14]} 11. Qd2 {[%clk 1:24:21]} Nh5 {[%clk 1:24:47]} 12. Bg3
{[%clk 1:24:15]} Nxg3 {[%clk 1:23:11]} 13. hxg3 {[%clk 1:24:39]} Bg4
{[%clk 1:22:22]} 14. Rfc1 {[%clk 1:18:53]} Qa5 {[%clk 1:16:51]} 15. a3
{[%clk 1:13:21]} Qh5 {[%clk 1:09:52]} 16. b4 {[%clk 1:11:38]} e5 {[%clk 1:08:37]}
17. Nh2 {[%clk 0:51:19]} Bxe2 {[%clk 1:06:00]} 18. Nxe2 {[%clk 0:51:42]} exd4
{[%clk 1:05:17]} 19. exd4 {[%clk 0:51:14]} Rfe8 {[%clk 1:00:32]} 20. Nf4
{[%clk 0:41:42]} Qb5 {[%clk 1:00:03]} 21. Nf3 {[%clk 0:40:24]} Re4
{[%clk 0:57:33]} 22. Re1 {[%clk 0:32:52]} Rae8 {[%clk 0:52:11]} 23. Rxe4
{[%clk 0:31:20]} Rxe4 {[%clk 0:52:35]} 24. Rc1 {[%clk 0:31:22]} h6
{[%clk 0:36:33]} 25. d5 {[%clk 0:31:11]} Ne7 {[%clk 0:32:52]} 26. Qc2
{[%clk 0:25:28]} f5 {[%clk 0:31:34]} 27. Qc7 {[%clk 0:23:57]} Nxd5
{[%clk 0:29:50]} 28. Qxd6 {[%clk 0:23:25]} Nxf4 {[%clk 0:29:31]} 29. gxf4
{[%clk 0:23:43]} Qb6 {[%clk 0:25:29]} 30. Qd5+ {[%clk 0:22:22]} Qe6
{[%clk 0:21:37]} 31. Qxb7 {[%clk 0:20:57]} Rc4 {[%clk 0:20:38]} 32. Re1
{[%clk 0:20:25]} Re4 {[%clk 0:18:01]} 33. Rxe4 {[%clk 0:17:35]} fxe4
{[%clk 0:18:24]} 34. Qb8+ {[%clk 0:17:16]} Kh7 {[%clk 0:18:29]} 35. Ne5
{[%clk 0:17:30]} Qa6 {[%clk 0:10:59]} 36. Qe8 {[%clk 0:16:51]} Qb6
{[%clk 0:08:34]} 37. Qc6 {[%clk 0:14:15]} Bxe5 {[%clk 0:08:31]} 38. Qxb6
{[%clk 0:14:43]} axb6 {[%clk 0:08:35]} 39. fxe5 {[%clk 0:15:11]} Kg7
{[%clk 0:07:44]} 40. a4 {[%clk 0:15:40]} 1-0

[Event "MSRCH16"]
[Site "?"]
[Date "2026.04.16"]
[Round "8.13"]
[White "Sekerak, Filip"]
[Black "Papay, Aurel"]
[Result "1-0"]
[BlackElo "1625"]
[WhiteElo "1764"]
[LiveChessVersion "1.4.8"]

1. e4 c5 2. Nf3 e6 3. d4 cxd4 4. Nxd4 Nc6 5. Be3 a6 6. c3 Qc7 7. Nd2 Nf6 8. f4 d6
9. Bd3 Be7 10. O-O O-O 11. h3 e5 12. Ne2 Rd8 13. Qb3 Nd7 14. a4 Nc5 15. Qc2 d5
16. exd5 Rxd5 17. Bxh7+ Kh8 18. b4 Ne6 19. Be4 Rd7 20. Bxc6 bxc6 21. fxe5 Qxe5
22. Nc4 Qh5 23. Nb6 Rb8 24. Nxd7 Bxd7 25. Rad1 Rd8 26. Bb6 1-0

[Event "MSRCH16"]
[Site "?"]
[Date "2026.04.16"]
[Round "8.14"]
[White "Pauko, Sebastian"]
[Black "Toth, Peter"]
[Result "1/2-1/2"]
[BlackElo "1756"]
[WhiteElo "1726"]
[LiveChessVersion "1.4.8"]

1. d4 {[%clk 1:30:58]} Nf6 {[%clk 1:30:56]} 2. Bf4 {[%clk 1:31:18]} d5
{[%clk 1:30:42]} 3. e3 {[%clk 1:30:40]} e6 {[%clk 1:28:24]} 4. Nf3
{[%clk 1:30:42]} Bd6 {[%clk 1:27:11]} 5. Bg3 {[%clk 1:30:51]} O-O
{[%clk 1:26:33]} 6. Bd3 {[%clk 1:31:06]} Nbd7 {[%clk 1:23:59]} 7. Nbd2
{[%clk 1:30:46]} Qe7 {[%clk 1:17:30]} 8. O-O {[%clk 1:28:34]} Bxg3
{[%clk 1:16:18]} 9. hxg3 {[%clk 1:28:35]} b6 {[%clk 1:09:01]} 10. c4
{[%clk 1:25:56]} c5 {[%clk 1:08:41]} 11. Rc1 {[%clk 1:25:06]} Bb7
{[%clk 1:07:59]} 12. cxd5 {[%clk 1:20:23]} exd5 {[%clk 1:08:06]} 13. Bf5
{[%clk 1:18:52]} Bc6 {[%clk 0:59:20]} 14. Re1 {[%clk 1:10:36]} Rfe8
{[%clk 0:46:39]} 15. Qc2 {[%clk 1:07:13]} Qd6 {[%clk 0:41:00]} 16. dxc5
{[%clk 1:01:30]} Qxc5 {[%clk 0:38:17]} 17. Nb3 {[%clk 0:58:48]} Qxc2
{[%clk 0:36:11]} 18. Rxc2 {[%clk 0:57:27]} Ba4 {[%clk 0:35:30]} 19. Rc7
{[%clk 0:56:58]} Bxb3 {[%clk 0:34:24]} 20. axb3 {[%clk 0:57:20]} Ne5
{[%clk 0:26:25]} 21. Ra1 {[%clk 0:49:14]} Nxf3+ {[%clk 0:24:52]} 22. gxf3
{[%clk 0:49:08]} a5 {[%clk 0:24:16]} 23. Rac1 {[%clk 0:46:25]} g6
{[%clk 0:22:15]} 24. R1c6 {[%clk 0:44:08]} Nh5 {[%clk 0:17:57]} 25. Bh3
{[%clk 0:37:45]} Rab8 {[%clk 0:14:49]} 26. Rd7 {[%clk 0:33:42]} Red8
{[%clk 0:05:57]} 27. Rxd8+ {[%clk 0:31:39]} Rxd8 {[%clk 0:06:26]} 28. Rxb6
{[%clk 0:31:58]} Re8 {[%clk 0:06:26]} 29. Rd6 {[%clk 0:25:15]} Nxg3
{[%clk 0:05:19]} 30. fxg3 {[%clk 0:24:52]} Rxe3 {[%clk 0:05:42]} 31. Bg2
{[%clk 0:18:38]} Rxb3 {[%clk 0:05:59]} 32. Rxd5 {[%clk 0:18:55]} Rxb2
{[%clk 0:06:22]} 33. Rxa5 {[%clk 0:19:09]} Kg7 {[%clk 0:06:23]} 34. f4
{[%clk 0:18:27]} Rb6 {[%clk 0:05:11]} 35. Ra7 {[%clk 0:18:19]} Rf6
{[%clk 0:05:35]} 36. Bd5 {[%clk 0:17:16]} h6 {[%clk 0:05:14]} 37. Kg2
{[%clk 0:16:07]} g5 {[%clk 0:05:25]} 38. Kf3 {[%clk 0:15:07]} h5 {[%clk 0:03:31]}
39. Rxf7+ {[%clk 0:13:06]} Rxf7 {[%clk 0:03:43]} 40. Bxf7 {[%clk 0:13:31]} g4+
{[%clk 0:02:58]} 41. Ke4 {[%clk 0:13:07]} Kxf7 {[%clk 0:03:21]} 42. Kf5
{[%clk 0:08:43]} h4 {[%clk 0:03:23]} 43. Kxg4 {[%clk 0:09:04]} hxg3
{[%clk 0:03:45]} 44. Kxg3 {[%clk 0:09:27]} Ke6 {[%clk 0:02:11]} 45. Kg4
{[%clk 0:09:21]} Kf6 {[%clk 0:02:37]} 46. f5 {[%clk 0:09:36]} Kg7
{[%clk 0:02:52]} 47. Kg5 {[%clk 0:09:51]} Kf7 {[%clk 0:03:18]} 48. f6
{[%clk 0:09:57]} Kf8 {[%clk 0:03:16]} 49. Kg6 {[%clk 0:10:05]} Kg8
{[%clk 0:03:39]} 50. f7+ {[%clk 0:10:15]} 1/2-1/2

[Event "MSRCH16"]
[Site "?"]
[Date "2026.04.16"]
[Round "8.15"]
[White "Mizanin, Matej"]
[Black "Zaborsky, Richard"]
[Result "1/2-1/2"]
[BlackElo "1662"]
[WhiteElo "1745"]
[LiveChessVersion "1.4.8"]

1. Nf3 {[%clk 1:30:58]} d5 {[%clk 1:29:32]} 2. g3 {[%clk 1:31:24]} Nf6
{[%clk 1:29:33]} 3. Bg2 {[%clk 1:31:46]} Bf5 {[%clk 1:28:17]} 4. O-O
{[%clk 1:32:06]} e6 {[%clk 1:28:36]} 5. d4 {[%clk 1:32:29]} Bd6 {[%clk 1:27:26]}
6. b3 {[%clk 1:32:49]} O-O {[%clk 1:27:23]} 7. c4 {[%clk 1:33:12]} c6
{[%clk 1:26:11]} 8. Bb2 {[%clk 1:26:28]} Nbd7 {[%clk 1:23:09]} 9. Nbd2
{[%clk 1:26:26]} a5 {[%clk 1:20:14]} 10. c5 {[%clk 1:08:45]} Bc7 {[%clk 1:15:51]}
11. a3 {[%clk 1:09:04]} b6 {[%clk 1:10:17]} 12. b4 {[%clk 1:06:48]} axb4
{[%clk 1:05:14]} 13. axb4 {[%clk 1:07:16]} bxc5 {[%clk 1:03:08]} 14. bxc5
{[%clk 1:07:44]} Qe7 {[%clk 1:01:15]} 15. Nh4 {[%clk 1:05:34]} Bg6
{[%clk 1:01:02]} 16. Nxg6 {[%clk 1:05:39]} hxg6 {[%clk 1:01:27]} 17. f4
{[%clk 1:05:53]} Ng4 {[%clk 0:58:13]} 18. Rf3 {[%clk 0:50:13]} g5
{[%clk 0:37:09]} 19. h3 {[%clk 0:46:57]} Nh6 {[%clk 0:36:40]} 20. e3
{[%clk 0:40:11]} g4 {[%clk 0:33:31]} 21. hxg4 {[%clk 0:39:30]} Nxg4
{[%clk 0:33:12]} 22. Bh3 {[%clk 0:36:45]} Ndf6 23. Qe2 {[%clk 0:31:22]} Rxa1+
{[%clk 0:26:05]} 24. Bxa1 {[%clk 0:31:23]} Ra8 {[%clk 0:23:25]} 25. Rf1
{[%clk 0:25:42]} Ra2 {[%clk 0:18:01]} 26. Bxg4 {[%clk 0:13:41]} Ne4
{[%clk 0:10:17]} 27. Bc3 {[%clk 0:08:27]} Nxc3 {[%clk 0:07:53]} 28. Qd3
{[%clk 0:08:56]} Nb5 {[%clk 0:07:35]} 29. Nb3 {[%clk 0:05:59]} Ra3
{[%clk 0:06:02]} 1/2-1/2

[Event "MSRCH16"]
[Site "?"]
[Date "2026.04.16"]
[Round "8.16"]
[White "Kosut, Simon"]
[Black "Chmurny, Richard"]
[Result "1/2-1/2"]
[BlackElo "1734"]
[WhiteElo "1603"]
[LiveChessVersion "1.4.8"]

1. e4 {[%clk 1:30:59]} c5 {[%clk 1:30:55]} 2. Nf3 {[%clk 1:31:26]} Nc6
{[%clk 1:31:22]} 3. d4 {[%clk 1:31:54]} cxd4 {[%clk 1:31:45]} 4. Nxd4
{[%clk 1:32:22]} Nf6 {[%clk 1:32:09]} 5. Nc3 {[%clk 1:32:49]} e5 {[%clk 1:32:34]}
6. Ndb5 {[%clk 1:32:57]} d6 {[%clk 1:32:58]} 7. Bg5 {[%clk 1:32:32]} a6
{[%clk 1:33:24]} 8. Na3 {[%clk 1:32:14]} b5 {[%clk 1:33:49]} 9. Bxf6
{[%clk 1:29:46]} gxf6 {[%clk 1:34:13]} 10. Nd5 {[%clk 1:30:03]} f5
{[%clk 1:34:12]} 11. Bd3 {[%clk 1:27:15]} Be6 {[%clk 1:34:36]} 12. c4
{[%clk 1:22:37]} b4 {[%clk 1:24:44]} 13. Nc2 {[%clk 1:06:18]} fxe4
{[%clk 1:09:25]} 14. Bxe4 {[%clk 1:06:22]} Rc8 {[%clk 1:09:39]} 15. Qf3
{[%clk 0:59:23]} Bxd5 {[%clk 1:01:43]} 16. Bxd5 {[%clk 0:59:45]} Qc7
{[%clk 1:02:02]} 17. Bxc6+ {[%clk 0:54:00]} Qxc6 {[%clk 1:02:24]} 18. Qxc6+
{[%clk 0:54:26]} Rxc6 {[%clk 1:02:49]} 19. Nxb4 {[%clk 0:54:53]} Rb6
{[%clk 1:02:57]} 20. Nd5 {[%clk 0:51:22]} Rxb2 {[%clk 1:03:18]} 21. O-O
{[%clk 0:51:29]} Be7 {[%clk 0:40:32]} 22. Rfb1 {[%clk 0:47:42]} Rxb1+
{[%clk 0:38:35]} 23. Rxb1 {[%clk 0:47:05]} Bd8 {[%clk 0:38:24]} 24. Rd1
{[%clk 0:29:57]} Kd7 {[%clk 0:30:23]} 25. f3 {[%clk 0:28:01]} f5 {[%clk 0:28:49]}
26. g3 {[%clk 0:26:36]} h5 {[%clk 0:28:14]} 27. Kg2 {[%clk 0:26:11]} a5
{[%clk 0:26:57]} 28. Rb1 {[%clk 0:26:24]} Kc6 {[%clk 0:24:38]} 29. Rb5
{[%clk 0:25:03]} Rh7 {[%clk 0:23:44]} 30. Ne3 {[%clk 0:23:58]} 1/2-1/2

[Event "MSRCH16"]
[Site "?"]
[Date "2026.04.16"]
[Round "8.17"]
[White "Bebko, Alex"]
[Black "Nevicky, Nikola"]
[Result "1-0"]
[BlackElo "1974"]
[WhiteElo "1641"]
[LiveChessVersion "1.4.8"]

1. e4 {[%clk 1:30:31]} c5 {[%clk 1:30:53]} 2. Nc3 {[%clk 1:30:29]} e6
{[%clk 1:30:58]} 3. Nf3 {[%clk 1:30:51]} Nc6 {[%clk 1:31:00]} 4. Bb5
{[%clk 1:31:07]} Nge7 {[%clk 1:31:06]} 5. a4 {[%clk 1:30:50]} a6 {[%clk 1:30:23]}
6. Bxc6 {[%clk 1:25:21]} bxc6 {[%clk 1:29:38]} 7. O-O {[%clk 1:25:17]} Ng6
{[%clk 1:29:21]} 8. d3 {[%clk 1:22:55]} d5 {[%clk 1:28:07]} 9. b3
{[%clk 1:18:43]} Be7 {[%clk 1:27:35]} 10. a5 {[%clk 1:16:59]} O-O
{[%clk 1:26:57]} 11. Qd2 {[%clk 1:13:53]} Rb8 {[%clk 1:20:52]} 12. Na4
{[%clk 1:06:37]} Qc7 {[%clk 0:56:40]} 13. Re1 {[%clk 0:58:44]} c4
{[%clk 0:49:24]} 14. bxc4 {[%clk 0:45:29]} dxc4 {[%clk 0:46:53]} 15. Ba3
{[%clk 0:44:23]} Rd8 {[%clk 0:42:53]} 16. Bxe7 {[%clk 0:43:47]} Nxe7
{[%clk 0:42:15]} 17. Qc3 {[%clk 0:42:00]} cxd3 {[%clk 0:41:18]} 18. cxd3
{[%clk 0:42:23]} Rb5 {[%clk 0:41:15]} 19. Nb6 {[%clk 0:38:58]} Bb7
{[%clk 0:41:16]} 20. Nd2 {[%clk 0:37:09]} Ng6 {[%clk 0:31:44]} 21. Ndc4
{[%clk 0:29:26]} Nf4 {[%clk 0:29:42]} 22. Rad1 {[%clk 0:27:07]} Rh5
{[%clk 0:23:48]} 23. g3 {[%clk 0:25:42]} Nh3+ {[%clk 0:22:42]} 24. Kg2
{[%clk 0:26:01]} Qe7 {[%clk 0:20:17]} 25. Qd2 {[%clk 0:16:57]} Qf6
{[%clk 0:19:13]} 26. f3 {[%clk 0:15:49]} c5 {[%clk 0:18:30]} 27. Qe3
{[%clk 0:15:48]} Rd4 {[%clk 0:13:46]} 28. Rc1 {[%clk 0:13:55]} g5
{[%clk 0:12:58]} 29. Nd2 {[%clk 0:10:57]} Qh6 {[%clk 0:10:09]} 30. Rh1
{[%clk 0:10:17]} Qg7 {[%clk 0:03:23]} 31. Qe2 {[%clk 0:09:39]} Qf8
{[%clk 0:00:54]} 32. f4 {[%clk 0:06:38]} Rh4 {[%clk 0:01:00]} 33. fxg5
{[%clk 0:06:13]} Nf4+ {[%clk 0:00:56]} 34. gxf4 {[%clk 0:06:24]} Qd6
{[%clk 0:01:22]} 35. Rhf1 {[%clk 0:03:38]} Rxd3 {[%clk 0:01:38]} 36. Nbc4
{[%clk 0:03:37]} Qd4 {[%clk 0:01:06]} 37. Rce1 {[%clk 0:03:17]} Rdh3
{[%clk 0:01:15]} 38. Nf3 {[%clk 0:02:52]} Qc3 {[%clk 0:00:52]} 39. Nxh4
{[%clk 0:02:49]} Rxh4 {[%clk 0:01:20]} 40. Rf3 {[%clk 0:02:56]} Qg7
{[%clk 0:00:51]} 41. Kg3 {[%clk 0:01:55]} Rh5 {[%clk 0:00:33]} 42. Rb3
{[%clk 0:02:02]} 1-0

[Event "MSRCH16"]
[Site "?"]
[Date "2026.04.16"]
[Round "8.18"]
[White "Kis, Arnold"]
[Black "Simko, Stefan"]
[Result "0-1"]
[BlackElo "1700"]
[WhiteElo "1619"]
[LiveChessVersion "1.4.8"]

1. e4 {[%clk 1:30:58]} c5 {[%clk 1:30:33]} 2. Nf3 {[%clk 1:31:24]} Nc6
{[%clk 1:30:54]} 3. d4 {[%clk 1:31:50]} cxd4 {[%clk 1:31:17]} 4. Nxd4
{[%clk 1:32:16]} g6 {[%clk 1:31:42]} 5. Nc3 {[%clk 1:32:20]} Bg7 {[%clk 1:31:59]}
6. Be3 {[%clk 1:32:41]} Nf6 {[%clk 1:32:11]} 7. Be2 {[%clk 1:32:41]} O-O
{[%clk 1:32:02]} 8. Qd2 {[%clk 1:33:03]} d5 {[%clk 1:30:43]} 9. exd5
{[%clk 1:04:29]} Nxd5 {[%clk 1:30:33]} 10. Nxd5 {[%clk 1:00:59]} Qxd5
{[%clk 1:28:01]} 11. Bf3 {[%clk 1:00:48]} Qd6 {[%clk 1:14:44]} 12. O-O-O
{[%clk 0:56:12]} Qf6 13. c3 {[%clk 0:41:04]} Rd8 {[%clk 1:08:22]} 14. Qe1
{[%clk 0:39:48]} Ne5 {[%clk 0:50:43]} 15. Be2 {[%clk 0:38:44]} Be6
{[%clk 0:49:51]} 16. Kb1 {[%clk 0:37:50]} Bc4 {[%clk 0:38:12]} 17. h4
{[%clk 0:31:52]} Qa6 {[%clk 0:32:54]} 18. Bxc4 {[%clk 0:30:47]} Nxc4
{[%clk 0:29:49]} 19. Bc1 {[%clk 0:27:18]} Qb6 {[%clk 0:29:01]} 20. Nb3
{[%clk 0:20:04]} a5 {[%clk 0:22:27]} 21. Nd2 {[%clk 0:16:12]} Na3+
{[%clk 0:22:18]} 0-1

[Event "MSRCH16"]
[Site "?"]
[Date "2026.04.16"]
[Round "8.19"]
[White "Bernard, Matthias"]
[Black "Kralovensky, Jan"]
[Result "1-0"]
[BlackElo "1581"]
[WhiteElo "1696"]
[LiveChessVersion "1.4.8"]

1. e4 {[%clk 1:30:59]} e5 {[%clk 1:30:45]} 2. Nf3 {[%clk 1:31:24]} Nc6
{[%clk 1:31:07]} 3. Bc4 {[%clk 1:31:49]} Bc5 {[%clk 1:31:02]} 4. O-O
{[%clk 1:32:04]} Nf6 {[%clk 1:31:10]} 5. d3 {[%clk 1:31:57]} d6 {[%clk 1:29:27]}
6. c3 {[%clk 1:31:21]} Na5 {[%clk 1:29:33]} 7. Bb5+ {[%clk 1:31:06]} c6
{[%clk 1:29:43]} 8. Ba4 {[%clk 1:31:17]} b5 {[%clk 1:27:56]} 9. Bc2
{[%clk 1:30:37]} Bb6 {[%clk 1:27:35]} 10. Nbd2 {[%clk 1:23:17]} O-O
{[%clk 1:25:40]} 11. h3 {[%clk 1:12:12]} h6 {[%clk 1:24:36]} 12. Re1
{[%clk 1:08:53]} Be6 {[%clk 1:20:50]} 13. Nf1 {[%clk 1:05:19]} Nh5
{[%clk 1:15:45]} 14. Nxe5 {[%clk 0:54:17]} Qh4 {[%clk 1:08:53]} 15. Nf3
{[%clk 0:47:26]} Bxf2+ {[%clk 1:07:14]} 16. Kh2 {[%clk 0:37:00]} Qe7
{[%clk 0:57:20]} 17. Re2 {[%clk 0:34:14]} Bb6 {[%clk 0:56:30]} 18. Qe1
{[%clk 0:30:59]} Rfe8 {[%clk 0:50:36]} 19. Ng3 {[%clk 0:26:50]} Nf6
{[%clk 0:46:26]} 20. Be3 {[%clk 0:21:27]} Bxe3 {[%clk 0:45:34]} 21. Rxe3
{[%clk 0:21:10]} Qc7 {[%clk 0:43:37]} 22. Qd2 {[%clk 0:17:34]} Rac8
{[%clk 0:41:55]} 23. Kh1 {[%clk 0:13:14]} Nd7 {[%clk 0:36:14]} 24. Nd4
{[%clk 0:11:13]} d5 {[%clk 0:35:38]} 25. Qf2 {[%clk 0:07:50]} dxe4
{[%clk 0:33:02]} 26. Nxe4 {[%clk 0:06:55]} Nf8 {[%clk 0:30:43]} 27. Nc5
{[%clk 0:05:25]} Qd6 {[%clk 0:28:48]} 28. b4 {[%clk 0:04:58]} Bd5
{[%clk 0:25:53]} 29. Nf3 {[%clk 0:04:20]} Bxf3 {[%clk 0:23:22]} 30. Rxf3
{[%clk 0:04:37]} Re5 {[%clk 0:22:53]} 31. d4 {[%clk 0:04:05]} 1-0

[Event "MSRCH16"]
[Site "?"]
[Date "2026.04.16"]
[Round "8.20"]
[White "Stolar, Matus"]
[Black "Artner, Jakub"]
[Result "1/2-1/2"]
[BlackElo "1629"]
[WhiteElo "1688"]
[LiveChessVersion "1.4.8"]

1. e4 {[%clk 1:30:57]} e6 {[%clk 1:30:56]} 2. d4 {[%clk 1:31:23]} d5
{[%clk 1:31:24]} 3. exd5 {[%clk 1:31:36]} exd5 {[%clk 1:31:48]} 4. Nf3
{[%clk 1:31:58]} Bd6 {[%clk 1:32:05]} 5. Bd3 {[%clk 1:31:26]} Nc6
{[%clk 1:30:31]} 6. c3 {[%clk 1:31:35]} Nge7 {[%clk 1:30:03]} 7. Be3
{[%clk 1:30:37]} Bg4 {[%clk 1:29:21]} 8. h3 {[%clk 1:30:47]} Bh5 {[%clk 1:29:08]}
9. Nbd2 {[%clk 1:30:40]} Qd7 {[%clk 1:26:54]} 10. Qc2 {[%clk 1:27:38]} Bg6
{[%clk 1:25:15]} 11. O-O {[%clk 1:18:34]} O-O {[%clk 1:23:50]} 12. Rac1
{[%clk 1:16:15]} Bxd3 {[%clk 1:12:38]} 13. Qxd3 {[%clk 1:16:34]} Ng6
{[%clk 1:10:43]} 14. c4 {[%clk 1:07:48]} Be7 {[%clk 0:59:09]} 15. c5
{[%clk 1:02:56]} Nd8 {[%clk 0:48:24]} 16. b4 {[%clk 0:59:36]} Bf6
{[%clk 0:43:02]} 17. Bg5 Bxg5 {[%clk 0:38:43]} 18. Nxg5 {[%clk 0:51:15]} c6
{[%clk 0:38:42]} 19. Rfe1 {[%clk 0:50:42]} h6 {[%clk 0:34:01]} 20. Ngf3
{[%clk 0:50:04]} Ne6 {[%clk 0:32:22]} 21. Nf1 {[%clk 0:37:34]} Nef4
{[%clk 0:25:49]} 22. Qd2 {[%clk 0:37:27]} Qf5 {[%clk 0:24:00]} 23. Re3
{[%clk 0:21:59]} Rfe8 {[%clk 0:17:59]} 24. Ng3 {[%clk 0:20:13]} Qd7
{[%clk 0:16:29]} 25. Rce1 {[%clk 0:17:54]} Rxe3 {[%clk 0:15:15]} 1/2-1/2

[Event "MSRCH16"]
[Site "?"]
[Date "2026.04.16"]
[Round "8.21"]
[White "Sykora, Miro"]
[Black "Drabek, Matej"]
[Result "1-0"]
[BlackElo "1560"]
[WhiteElo "1671"]
[LiveChessVersion "1.4.8"]

1. e4 {[%clk 1:30:57]} e5 {[%clk 1:30:40]} 2. Nf3 {[%clk 1:31:22]} Nc6
{[%clk 1:30:39]} 3. d4 {[%clk 1:31:38]} exd4 {[%clk 1:20:08]} 4. Nxd4
{[%clk 1:31:53]} Bc5 {[%clk 1:17:08]} 5. Be3 {[%clk 1:32:16]} Nxd4
{[%clk 1:16:25]} 6. Bxd4 {[%clk 1:32:44]} Bxd4 {[%clk 1:09:04]} 7. Qxd4
{[%clk 1:33:11]} Qf6 {[%clk 1:09:21]} 8. e5 {[%clk 1:33:35]} Qe6 {[%clk 1:09:23]}
9. Nc3 {[%clk 1:26:56]} Ne7 {[%clk 0:59:41]} 10. Nb5 {[%clk 1:19:17]} Qc6
{[%clk 0:38:56]} 11. Qc4 {[%clk 1:04:27]} Qxc4 {[%clk 0:35:56]} 12. Bxc4
{[%clk 1:04:54]} O-O {[%clk 0:36:11]} 13. Nxc7 {[%clk 1:04:59]} Rb8
{[%clk 0:36:31]} 14. Nb5 {[%clk 1:00:47]} a6 {[%clk 0:36:21]} 15. Nd6
{[%clk 1:01:03]} b5 {[%clk 0:36:14]} 16. Bb3 {[%clk 0:56:28]} Ng6
{[%clk 0:35:57]} 17. O-O-O {[%clk 0:42:32]} Nxe5 {[%clk 0:34:16]} 18. Rhe1
{[%clk 0:42:10]} Ng6 {[%clk 0:27:35]} 19. Re8 {[%clk 0:35:49]} Nh8
{[%clk 0:23:03]} 20. Rde1 {[%clk 0:33:58]} Bb7 {[%clk 0:23:08]} 21. Rxb8
{[%clk 0:34:07]} Rxb8 {[%clk 0:23:30]} 22. Nxb7 {[%clk 0:34:26]} 1-0